skbl

Dr Suryya Kumar Bhuyan Library Web-OPAC
ডঃ সূৰ্য্য
কুমাৰ ভূঞা পুথিভঁৰাল ৱেব-অ'পেক

All Research Scholars are advised to clear the annual library fees to continue using Library Resources, Remote Access, Plagiarism Test and Library Clearance.

Cotton University Book Fair 2026

Bibhuti rachanawali / (Record no. 1620)

MARC details
000 -LEADER
fixed length control field 00692nam a2200265Ia 4500
001 - CONTROL NUMBER
control field 1624
005 - DATE AND TIME OF LATEST TRANSACTION
control field 20240113233508.0
007 - PHYSICAL DESCRIPTION FIXED FIELD--GENERAL INFORMATION
fixed length control field ta
008 - FIXED-LENGTH DATA ELEMENTS--GENERAL INFORMATION
fixed length control field 050208s1399 g b000 u ben u
040 ## - CATALOGING SOURCE
Original cataloging agency REf.Stack
041 ## - LANGUAGE CODE
Language code of text/sound track or separate title ben
082 ## - DEWEY DECIMAL CLASSIFICATION NUMBER
Classification number 891.44408
Item number Bo 64 Ba
100 ## - MAIN ENTRY--PERSONAL NAME
Personal name Banerjee, Bibhutibhusun .
245 #0 - TITLE STATEMENT
Title Bibhuti rachanawali /
Statement of responsibility, etc. Bibhutibhusan Banerjee.
Medium Textual Documents
250 ## - EDITION STATEMENT
Edition statement 1st ed /
260 ## - PUBLICATION, DISTRIBUTION, ETC.
Place of publication, distribution, etc. Calcutta :
Name of publisher, distributor, etc. Mittra Ou Gosh Publishers ,
Date of publication, distribution, etc. 1399.
300 ## - PHYSICAL DESCRIPTION
Extent 373p. ;
Dimensions 24cm..
500 ## - GENERAL NOTE
General note It has twelve volumes
653 ## - INDEX TERM--UNCONTROLLED
Uncontrolled term Bengali literature
653 ## - INDEX TERM--UNCONTROLLED
Uncontrolled term T/G-Bengali
942 ## - ADDED ENTRY ELEMENTS (KOHA)
Source of classification or shelving scheme Dewey Decimal Classification
Koha item type Books
Holdings
Withdrawn status Lost status Damaged status Not for loan Collection Home library Current library Date acquired Coded location qualifier Total checkouts Full call number Barcode Date last seen Copy number Price effective from Koha item type
          Dr. Suryya Kumar Bhuyan Library Dr. Suryya Kumar Bhuyan Library 01/02/2012 00000   891.44408 Bo 64 Ba 87785 13/01/2024 2 01/02/2012 Books
          Dr. Suryya Kumar Bhuyan Library Dr. Suryya Kumar Bhuyan Library 01/02/2012 00000   891.44408 Bo 64 Ba 87779-788 13/01/2024 1 01/02/2012 Books

Designed and Maintained by Team SKBL
©1901-2026

Powered by Koha